| 000 | 00885nam a22002417a 4500 | ||
|---|---|---|---|
| 999 |
_c9684 _d9684 |
||
| 003 | AR-CdUCM | ||
| 008 | 190328b ||||| |||| 00| 0 spa d | ||
| 040 |
_aMUNICIPALIDAD PROVINCIAL DEL CUSCO _cBIBLIOTECA MUNICIPAL DEL CUSCO |
||
| 082 |
_a129.3 / _bR96 / 1949 |
||
| 100 |
_aRussell, Bertrand _916285 |
||
| 245 | _aAnalisis del Espiritu / | ||
| 260 |
_aBuenos Aires : _bPaidos, _c1949 |
||
| 300 |
_a283 paginas ; _c24 cm. |
||
| 500 | _aBibliotecas temas del siglo XX | ||
| 505 | _aContenido: conciencia -- instinto y habito -- deseo y sentimiento -- influencia de la historia pasada en los hechos presentes de los organismos vivos -- leyes causales psicologicas y fisicas... | ||
| 650 |
_aEspiritu _926051 |
||
| 650 |
_aConciencia _911784 |
||
| 650 |
_aSensación _9256 |
||
| 650 |
_aMemoria _91763 |
||
| 700 |
_aPrieto, Eduardo _926052 |
||
| 942 |
_2ddc _cLIBROS |
||
| 945 | _apjha | ||